[Event "Wch U12"]
[Site "Heraklio"]
[Date "2004.11.10"]
[EventDate "?"]
[Round "7"]
[Result "1-0"]
[White "Liren Ding"]
[Black "Sanan Sjugirov"]
[WhiteElo "2231"]
[BlackElo "2279"]
[PlyCount "140"]

1. Nf3 Nf6 2. g3 g6 3. Bg2 Bg7 4. O-O O-O 5. c4 d6 6. Nc3 Nc6 7. d3 a6 8. Rb1  Rb8 9. Nd2 Bd7 10. b4 b5 11. a3 h5 12. Bb2 Ne5 13. Nd5 Nxd5 14. cxd5 h4 15. Qc2  f5 16. Nf3 hxg3 17. hxg3 Nxf3+ 18. Bxf3 Bf6 19. Bxf6 exf6 20. Rfc1 Rc8 21. Rb3  Qe7 22. d4 Kg7 23. Qd2 Rh8 24. Rbc3 Qd8 25. R1c2 g5 26. Qc1 Kg6 27. Rxc7 Rxc7  28. Rxc7 Qe7 29. Qc6 Rh7 30. Qc2 Kh6 31. Qd2 Kg6 32. Qd3 Kh6 33. Qe3 Qd8 34.  Rc1 Kg6 35. Qd3 Kg7 36. Qd2 Kg6 37. Bg2 Qe7 38. Qe3 Qf8 39. f4 Re7 40. Qd2 Qe8  41. Kf2 Qh8 42. Rh1 Qc8 43. Bf3 g4 44. Rc1 Qg8 45. Bg2 Qd8 46. Qc3 Re8 47. e3  Qe7 48. Qd3 Qd8 49. Rc3 Kg7 50. Qc2 Qe7 51. Qc1 Kf7 52. Rc7 Ra8 53. Bf1 Kg6 54.  Bd3 Rh8 55. Kg2 Qe8 56. Qd1 Kh6 57. Kf2 Qd8 58. Qc2 Kg6 59. Bf1 Qe7 60. Bg2 Re8  61. Qc3 Kf7 62. Qc1 Kf8 63. Qc3 Kf7 64. Ke2 Rh8 65. Kf2 Re8 66. Ra7 Rc8 67. Qd3  Kg6 68. Rxa6 Be8 69. Bf1 Qh7 70. Qxf5+ 1-0

[Event "4th All China Games Rapid"]
[Site "Hefei CHN"]
[Date "2010.05.19"]
[EventDate "?"]
[Round "7"]
[Result "0-1"]
[White "Liren Ding"]
[Black "Wang Zili"]
[WhiteElo "2547"]
[BlackElo "2492"]
[PlyCount "114"]

1. d4 Nf6 2. Nf3 c5 3. d5 b5 4. c4 g6 5. cxb5 a6 6. b6 Qxb6 7. Nc3 d6 8. e4  Nbd7 9. Be2 Bg7 10. O-O O-O 11. Nd2 Qc7 12. Nc4 Nb6 13. Ne3 Rb8 14. a4 Nbd7  15. f4 Rb4 16. Bf3 c4 17. Qe2 Nc5 18. Nc2 Rb7 19. Ra2 Nd3 20. Be3 Nd7 21.  Na3 Rb3 22. Nab1 N7c5 23. Nd2 Rb4 24. Rb1 Bd7 25. Qd1 Rfb8 26. Qc2 Nb3 27.  Nf1 Nd4 28. Qd2 Rb3 29. Bd1 Rxc3 30. bxc3 Rxb1 31. cxd4 Nb4 32. Ra3 f5 33.  Rc3 fxe4 34. Be2 Nd3 35. Qc2 Rb2 36. Qd1 Rb4 37. Bxd3 exd3 38. Qxd3 cxd3  39. Rxc7 Bxa4 40. Rxe7 Bxd4 41. Nd2 Bxe3+ 42. Rxe3 Bb5 43. Kf2 Rxf4+ 44.  Ke1 Rf5 45. Nf3 Rxd5 46. Re7 Rc5 47. Kd1 Rc2 48. Nd2 d5 49. Ra7 Ra2 50. Ke1  h5 51. h4 Kf8 52. Rb7 d4 53. Ra7 Ra1+ 54. Kf2 Rd1 55. Ne4 Rf1+ 56. Kg3 Re1  57. Ra8+ Be8 0-1

[Event "TCh-CHN"]
[Site "Guangzhou CHN"]
[Date "2010.10.13"]
[EventDate "?"]
[Round "13"]
[Result "1-0"]
[White "Liren Ding"]
[Black "Chongsheng Zeng"]
[WhiteElo "2565"]
[BlackElo "2350"]
[PlyCount "100"]

1. d4 Nf6 2. c4 e6 3. Nf3 d5 4. Nc3 Nbd7 5. Bf4 dxc4 6. e3 b5 7. Nxb5 Nd5  8. Nc3 Rb8 9. Bxc4 Nxf4 10. exf4 Rxb2 11. O-O Rb4 12. Qe2 Bd6 13. a3 Rb6  14. d5 Nc5 15. dxe6 fxe6 16. f5 Qf6 17. Nd5 Qxf5 18. Nd4 Qe5 19. Qxe5 Bxe5  20. Nxb6 axb6 21. Rad1 Bxd4 22. Rxd4 Bd7 23. Re1 Ke7 24. Re3 Ra8 25. Rg3 g6  26. Be2 Ra4 27. Rxa4 Bxa4 28. Kf1 Bc6 29. Rh3 h5 30. Rg3 Kf6 31. h4 Be4 32.  Re3 Bd5 33. g3 e5 34. Rc3 c6 35. Ke1 Na4 36. Rc2 b5 37. f3 Nb6 38. Bd3 g5  39. Kf2 gxh4 40. gxh4 Nd7 41. Be4 Ke6 42. Rxc6+ Bxc6 43. Bxc6 Nf8 44. Be8  Kd5 45. Bxh5 e4 46. f4 Kd4 47. Be8 Kd3 48. Bxb5+ Kd2 49. h5 Ne6 50. h6 1-0

[Event "Chinese Teams 2013"]
[Site "Wuxi CHN"]
[Date "2013.08.05"]
[EventDate "?"]
[Round "10.5"]
[Result "1/2-1/2"]
[White "Liren Ding"]
[Black "Xiangzhi Bu"]
[WhiteElo "2718"]
[BlackElo "2667"]
[PlyCount "98"]

1. d4 d5 2. c4 c6 3. Nf3 Nf6 4. Nc3 dxc4 5. a4 Bf5 6. e3 e6 7. Bxc4 Bb4 8. O-O Nbd7 9. Qe2 O-O 10. e4 Bg6 11. Bd3 Bh5 12. Bc2 e5 13. Qc4 Bd6 14. Nxe5 Nxe5 15. dxe5 Bxe5 16. h3 Re8 17. Be3 Bg6 18. Rfd1 Qc7 19. f3 Rad8 20. Rxd8 Rxd8 21. Rd1 Rxd1+ 22. Bxd1 a6 23. Ne2 Nh5 24. Qc1 Bh2+ 25. Kf2 Ng3 26. Bf4 Nxe2 27. Bxc7 Nxc1 28. Bxh2 Nd3+ 29. Ke3 Nxb2 30. Bb3 b5 31. axb5 axb5 32. f4 h5 33. f5 Bh7 34. g4 hxg4 35. hxg4 Nc4+ 36. Bxc4 bxc4 37. g5 Kf8 38. Be5 g6 39. f6 Ke8 40. Kd4 Kd7 41. Kxc4 Bg8 42. Kc5 Bh7 43. Bd6 Bg8 44. Bf8 Bh7 45. Kb6 Bg8 46. e5 Bh7 47. Bg7 Bg8 48. Bh6 Bh7 49. e6+ Ke8 1/2-1/2

[Event "4th Chinese Rapid Masters"]
[Site "Shenzhen CHN"]
[Date "2014.11.20"]
[EventDate "?"]
[Round "6.1"]
[Result "1/2-1/2"]
[White "Xiangzhi Bu"]
[Black "Liren Ding"]
[WhiteElo "2707"]
[BlackElo "2730"]
[PlyCount "40"]

1. e4 e5 2. Nf3 Nf6 3. d4 exd4 4. e5 Ne4 5. Qxd4 d5 6. exd6 Nxd6 7. Nc3 Nc6 8. Qf4 g6 9. b3 Bg7 10. Bb2 Qf6 11. Qxf6 Bxf6 12. O-O-O Be6 13. Bb5 O-O-O 14. Bxc6 bxc6 15. Nd4 Bd7 16. f3 Rhe8 17. Na4 Nb7 18. b4 Be7 19. Nb3 Bxb4 20. Bf6 Be7 1/2-1/2

[Event "3rd China Mind Team"]
[Site "Zaozhuang CHN"]
[Date "2015.08.31"]
[EventDate "?"]
[Round "6.9"]
[Result "1/2-1/2"]
[White "Xiangzhi Bu"]
[Black "Liren Ding"]
[WhiteElo "2712"]
[BlackElo "2770"]
[PlyCount "62"]

1. Nf3 d5 2. d4 Bf5 3. Bf4 e6 4. e3 Nf6 5. Bd3 Bg6 6. O-O Nbd7 7. c4 c6 8. Nc3 Be7 9. h3 O-O 10. a3 a6 11. Bxg6 hxg6 12. Qd3 dxc4 13. Qxc4 c5 14. dxc5 Bxc5 15. Rfd1 Rc8 16. Qe2 Qe8 17. Ne5 Nxe5 18. Bxe5 Be7 19. Bd6 Rc6 20. Bxe7 Qxe7 21. Rd4 Rd8 22. Rad1 Rcd6 23. Qc4 Rxd4 24. Rxd4 Rxd4 25. Qxd4 Qd7 26. Qxd7 Nxd7 27. Kf1 Kf8 28. Ke2 Ke7 29. Ne4 f5 30. Nd2 Kd6 31. Kd3 Ke5 1/2-1/2

[Event "5th Chinese Rapid Masters"]
[Site "Shenzhen CHN"]
[Date "2015.11.20"]
[EventDate "?"]
[Round "1.4"]
[Result "1-0"]
[White "Liren Ding"]
[Black "Xiangzhi Bu"]
[WhiteElo "2781"]
[BlackElo "2710"]
[PlyCount "70"]

1. d4 d5 2. c4 c6 3. Nf3 Nf6 4. Nc3 dxc4 5. a4 Bf5 6. Ne5 Nbd7 7. Nxc4 Nb6 8. Ne5 a5 9. h4 h6 10. f3 e6 11. e4 Bh7 12. Be3 Be7 13. Qb3 Nfd7 14. O-O-O O-O 15. Nd3 Qc7 16. Kb1 c5 17. Nb5 Qc6 18. dxc5 Bxc5 19. Rc1 Bxe3 20. Rxc6 bxc6 21. Nd6 Rab8 22. Be2 Nc5 23. Nxc5 Bxc5 24. Nc4 Bd4 25. Nxa5 Nxa4 26. Qxa4 Rxb2+ 27. Kc1 Rxe2 28. Qxd4 f5 29. Qc4 Rxg2 30. Qxe6+ Kh8 31. Qe7 Ra8 32. Rd1 Bg8 33. Rd8 Rxa5 34. Rxg8+ Kh7 35. Rh8+ 1-0

[Event "Yinzhou Cup"]
[Site "Ningbo CHN"]
[Date "2019.12.22"]
[EventDate "2019.12.22"]
[Round "3.1"]
[Result "1/2-1/2"]
[White "Yu Yangyi"]
[Black "Ding Liren"]
[WhiteElo "2738"]
[BlackElo "2801"]
[PlyCount "77"]

1. d4 Nf6 2. c4 e6 3. Nf3 d5 4. Nc3 c5 5. e3 Nc6 6. cxd5 Nxd5
7. Bd3 Be7 8. O-O O-O 9. Qe2 Ndb4 10. Bb1 b6 11. Rd1 Ba6
12. Qe1 cxd4 13. exd4 Rc8 14. Qe4 g6 15. Bh6 Re8 16. a3 Nd5
17. Ba2 Bf6 18. Nxd5 exd5 19. Qxd5 Qxd5 20. Bxd5 Be2 21. Bxc6
Rxc6 22. Rd2 Bxf3 23. gxf3 g5 24. h4 gxh4 25. d5 Rd6 26. Bf4
Be5 27. Re1 f6 28. Re4 Rd7 29. Kg2 Kf7 30. Be3 Rg8+ 31. Rg4 f5
32. Rxg8 Kxg8 33. f4 Bf6 34. Kh3 Kf7 35. a4 Ke7 36. Re2 Kd8
37. Rd2 Ke7 38. Re2 Kd8 39. Rd2 1/2-1/2

[Event "Yinzhou Cup"]
[Site "Ningbo CHN"]
[Date "2019.12.23"]
[EventDate "2019.12.22"]
[Round "5.3"]
[Result "1/2-1/2"]
[White "Ding Liren"]
[Black "Yu Yangyi"]
[WhiteElo "2801"]
[BlackElo "2738"]
[PlyCount "97"]

1. d4 d5 2. c4 dxc4 3. e4 e5 4. Nf3 Bb4+ 5. Nc3 Nf6 6. Nxe5 b5
7. Bg5 O-O 8. Be2 c5 9. O-O cxd4 10. Nd5 Be7 11. Nxe7+ Qxe7
12. Qxd4 Rd8 13. Qc3 Re8 14. Rfd1 h6 15. Bxf6 Qxf6 16. Nf3
Qxc3 17. bxc3 Nd7 18. Nd4 a6 19. a4 bxa4 20. Rxa4 Nc5 21. Rxc4
Nxe4 22. Rc7 Ng5 23. Ra1 Ne6 24. Nxe6 Rxe6 25. Bf3 Rb8 26. h4
Reb6 27. c4 Rb1+ 28. Rxb1 Rxb1+ 29. Kh2 Be6 30. c5 Rc1 31. h5
a5 32. c6 Rc5 33. Ra7 g5 34. hxg6 fxg6 35. c7 Kf8 36. Be2 a4
37. Bd3 g5 38. Rxa4 Rxc7 39. Ra6 Re7 40. f3 Kg7 41. g4 Bf7
42. Kg3 Rd7 43. Be4 Rc7 44. Rb6 Ra7 45. Rb7 Rxb7 46. Bxb7 h5
47. gxh5 Bxh5 48. f4 gxf4+ 49. Kxf4 1/2-1/2

[Event "Banter blitz"]
[Site "chess24.com"]
[Date "2020.11.04"]
[EventDate "2020.11.04"]
[Round "?"]
[Result "1-0"]
[White "NN"]
[Black "Ding Liren"]
[WhiteElo "2839"]
[BlackElo "2873"]
[Source "https://www.youtube.com/watch?v=hCs9ztiHFFI"]
[PlyCount "38"]

1. e4 c5 2. Nf3 d6 3. d4 cxd4 4. Nxd4 Nf6 5. Nc3 a6 6. Bg5 Nbd7 7. Qe2 h6 8. Bh4 g6 9. f4 e5 10. fxe5 dxe5 11. O-O-O Qc7 12. Nb3 b5 13. Rxd7 Nxd7 14. Nd5 Qb8 15. Na5 Bb7 16. Nf6+ Nxf6 17.Bxf6 Rg8 18.Qxb5+ axb5 19.Bxb5+ 1-0

[Event "Online Olympiad Top DivA 2021"]
[Site "chess.com INT"]
[Date "2021.09.08"]
[EventDate "?"]
[Round "3.5"]
[Result "0-1"]
[White "Susanto Megaranto"]
[Black "Liren Ding"]
[WhiteElo "2548"]
[BlackElo "2799"]
[PlyCount "110"]

1. d4 Nf6 2. Nf3 d5 3. c4 e6 4. cxd5 exd5 5. Nc3 c6 6. Bg5 h6 7. Bh4 Bf5 8. e3 Nbd7 9. Bd3 Bxd3 10. Qxd3 Be7 11. O-O O-O 12. Rab1 a5 13. Qc2 Re8 14. Bxf6 Nxf6 15. a3 Bd6 16. b4 Qe7 17. Qb3 axb4 18. axb4 b5 19. Rfc1 Nd7 20. Re1 Nf6 21. Rec1 Ra6 22. g3 Rea8 23. Kg2 Ra3 24. Qb2 Nd7 25. Nd2 Nb6 26. e4 dxe4 27. Ncxe4 Nc4 28. Qc2 Ra2 29. Qd3 R8a3 30. Nb3 Bxb4 31. Rc2 Qe6 32. Rxa2 Rxa2 33. Nc1 Ra3 34. Rb3 Qd5 35. f3 f5 36. Rxa3 Bxa3 37. Nc3 Qe6 38. N1e2 Bd6 39. Kg1 Nb6 40. Kg2 b4 41. Nd1 Nd5 42. Kf2 f4 43. Qe4 Kf7 44. Qxe6+ Kxe6 45. Nb2 g5 46. Nc4 fxg3+ 47. hxg3 Nc3 48. Nxc3 bxc3 49. Ne3 h5 50. Kg2 Bc7 51. Kf2 Bb6 52. Nc2 Kd5 53. Ke2 Bxd4 54. Kd3 c5 55. f4 gxf4 0-1

[Event "Online Olympiad Top DivA 2021"]
[Site "chess.com INT"]
[Date "2021.09.09"]
[EventDate "?"]
[Round "4.1"]
[Result "0-1"]
[White "Rinat Jumabayev"]
[Black "Liren Ding"]
[WhiteElo "2651"]
[BlackElo "2799"]
[PlyCount "68"]

1. d4 Nf6 2. Bf4 d5 3. e3 c5 4. c3 Nc6 5. Nd2 Bf5 6. Qb3 Qc8 7. Ngf3 c4 8. Qd1 e6 9. Be2 h6 10. b3 b5 11. bxc4 bxc4 12. Ne5 Nxe5 13. Bxe5 Be7 14. g4 Bg6 15. h4 Qc6 16. Rg1 Bd6 17. h5 Bh7 18. g5 hxg5 19. h6 Kf8 20. Nxc4 Be7 21. hxg7+ Kxg7 22. Nd2 Qxc3 23. Rc1 Qa3 24. Rc7 Rac8 25. Rxg5+ Bg6 26. Qc2 Rxc7 27. Qxc7 Rh1+ 28. Bf1 Bb4 29. Qc2 Qa6 30. Rxg6+ fxg6 31. Qc7+ Kh6 32. Kd1 Qd3 33. Bf4+ g5 34. Bxg5+ Kg6 0-1

[Event "Online Olympiad Top DivA 2021"]
[Site "chess.com INT"]
[Date "2021.09.10"]
[EventDate "?"]
[Round "9.3"]
[Result "1/2-1/2"]
[White "Liren Ding"]
[Black "Robert Hovhannisyan"]
[WhiteElo "2799"]
[BlackElo "2626"]
[PlyCount "68"]

1. d4 d5 2. Nf3 Nf6 3. Bf4 c5 4. e3 Nc6 5. Nbd2 Bg4 6. Bb5 e6 7. O-O cxd4 8. exd4 Bd6 9. Bxd6 Qxd6 10. c3 O-O 11. Re1 a6 12. Bf1 Rfe8 13. h3 Bh5 14. a4 Qc7 15. Qb3 Re7 16. Re3 Rae8 17. Rae1 Na5 18. Qc2 Nc6 19. Bd3 Bxf3 20. Nxf3 e5 21. dxe5 Nxe5 22. Nd4 Neg4 23. hxg4 Nxg4 24. Nf3 Nxe3 25. Rxe3 Rxe3 26. fxe3 Rxe3 27. Bxh7+ Kh8 28. Bd3 Qg3 29. Be2 Rxf3 30. Bxf3 Qe1+ 31. Kh2 Qh4+ 32. Kg1 Qe1+ 33. Kh2 Qh4+ 34. Kg1 Qe1+ 1/2-1/2

[Event "GM Warmup Match 2021"]
[Site "Hangzhou CHN"]
[Date "2021.11.22"]
[EventDate "2021.11.22"]
[Round "1.1"]
[Result "0-1"]
[White "Shanglei Lu"]
[Black "Liren Ding"]
[WhiteElo "2616"]
[BlackElo "2799"]
[PlyCount "74"]

1. e4 e5 2. Nf3 Nc6 3. Bb5 a6 4. Ba4 Nf6 5. O-O Be7 6. Re1 b5 7. Bb3 O-O 8. d4
Nxd4 9. Nxd4 exd4 10. e5 Ne8 11. Qxd4 c5 12. Qe4 Rb8 13. c4 Bb7 14. Qg4 bxc4 15.
Bc2 Bd5 16. f4 Bc6 17. Qh3 g6 18. f5 Bg5 19. Nd2 Rb4 20. fxg6 fxg6 21. Nxc4 Ng7
22. a3 Rb8 23. Qg4 Ne6 24. Bxg5 Qxg5 25. Qxg5 Nxg5 26. Rf1 Ne6 27. Rf6 Nd4 28.
Bd3 Rb3 29. Rxf8+ Kxf8 30. Bf1 Ke7 31. Rc1 Bd5 32. a4 Nc6 33. Rc2 Nb4 34. Rd2
Bxc4 35. Bxc4 Re3 36. e6 d6 37. a5 Re5 0-1

[Event "GM Warmup Match 2021"]
[Site "Hangzhou CHN"]
[Date "2021.11.23"]
[EventDate "2021.11.22"]
[Round "2.1"]
[Result "1/2-1/2"]
[White "Liren Ding"]
[Black "Shanglei Lu"]
[WhiteElo "2799"]
[BlackElo "2616"]
[PlyCount "22"]

1. c4 c6 2. Nf3 Nf6 3. d4 d5 4. e3 e6 5. b3 Nbd7 6. Bd3 Bd6 7. Bb2 b6 8. O-O Bb7
9. Nbd2 O-O 10. Qe2 Qe7 11. Rad1 Rad8 1/2-1/2

[Event "GM Warmup Match 2021"]
[Site "Hangzhou CHN"]
[Date "2021.11.24"]
[EventDate "2021.11.22"]
[Round "3.1"]
[Result "1/2-1/2"]
[White "Shanglei Lu"]
[Black "Liren Ding"]
[WhiteElo "2616"]
[BlackElo "2799"]
[PlyCount "70"]

1. e4 e5 2. Nf3 Nc6 3. Bb5 Nf6 4. O-O Nxe4 5. Re1 Nd6 6. Nxe5 Be7 7. Bf1 Nxe5 8.
Rxe5 O-O 9. d4 Bf6 10. Re1 Re8 11. c3 Rxe1 12. Qxe1 Ne8 13. Bf4 d5 14. Bd3 g6
15. Nd2 Ng7 16. Qe2 c6 17. Re1 Bf5 18. Bxf5 Nxf5 19. Nf3 Ng7 20. Ne5 Bxe5 21.
Qxe5 f6 22. Qe7 Qxe7 23. Rxe7 Re8 24. Rxe8+ Nxe8 25. f3 Kf7 26. Kf2 g5 27. Bb8
a6 28. g4 Kg6 29. Ke3 h5 30. h3 Ng7 31. a4 Ne6 32. Bd6 f5 33. a5 Nd8 34. Be7 Nf7
35. Kf2 1/2-1/2

[Event "GM Warmup Match 2021"]
[Site "Hangzhou CHN"]
[Date "2021.11.25"]
[EventDate "2021.11.22"]
[Round "4.1"]
[Result "1-0"]
[White "Liren Ding"]
[Black "Shanglei Lu"]
[WhiteElo "2799"]
[BlackElo "2616"]
[PlyCount "82"]

1. c4 c6 2. Nf3 Nf6 3. g3 d5 4. Bg2 Bg4 5. Ne5 Bf5 6. cxd5 cxd5 7. O-O e6 8. d3
Nbd7 9. Nxd7 Qxd7 10. Qb3 Bc5 11. Nc3 O-O 12. e4 Bg6 13. exd5 exd5 14. Nxd5 Nxd5
15. Bxd5 Rfe8 16. Qxb7 Qxb7 17. Bxb7 Rab8 18. Ba6 h5 19. Bc4 Kh7 20. b3 Rbd8 21.
Bf4 Bxd3 22. Bxd3+ Rxd3 23. Rfe1 Rxe1+ 24. Rxe1 f6 25. Kf1 a5 26. Ke2 Rd5 27.
Rd1 Rxd1 28. Kxd1 Bxf2 29. Bc7 Bg1 30. h3 Bh2 31. a4 g5 32. Bxa5 Bxg3 33. Bb6
Kg6 34. a5 Kf5 35. a6 Bb8 36. b4 Ke6 37. Bc7 Ba7 38. b5 Kd7 39. b6 Bxb6 40. Bxb6
Kc6 41. Bd8 1-0

[Event "Ding Liren vs. Wei Yi Match 2022"]
[Site "Chess.com"]
[Date "2022.04.07"]
[EventDate "?"]
[Round "03"]
[Result "1/2-1/2"]
[White "Yi Wei"]
[Black "Liren Ding"]
[WhiteElo "2729"]
[BlackElo "2799"]
[Source "Chess.com, https://www.chess.com/ko/events/2022-ding-liren-wei-y"]
[PlyCount "84"]

1. d4 Nf6 2. c4 e6 3. Nf3 d5 4. Nc3 Nbd7 5. Bg5 h6 6. Bh4 Be7 7. e3 O-O 8. Qc2
c5 9. cxd5 cxd4 10. Nxd4 Nxd5 11. Bxe7 Nxe7 12. Be2 Nf6 13. O-O Bd7 14. Rac1 Qb6
15. Qb3 Qxb3 16. Nxb3 Rac8 17. Nb5 Bxb5 18. Bxb5 Rfd8 19. Rxc8 Rxc8 20. Rc1
Rxc1+ 21. Nxc1 Ne4 22. Kf1 Nd6 23. Be2 Kf8 24. Nd3 Ke8 25. Ke1 Kd7 26. Kd2 b6
27. Bf3 f6 28. g3 e5 29. Bd1 Ne4+ 30. Ke2 Kd6 31. g4 f5 32. gxf5 Nf6 33. f4 exf4
34. exf4 Nxf5 35. Ne5 Nd4+ 36. Kd3 Ne6 37. Ng6 Nd5 38. Ke4 Nc5+ 39. Kd4 Ne6+ 40.
Ke4 Nc5+ 41. Kd4 Ne6+ 42. Ke4 1/2-1/2

[Event "Team Asian Games Q2"]
[Site "Hangzhou CHN"]
[Date "2022.04.14"]
[EventDate "2022.04.14"]
[Round "1.1"]
[Result "1/2-1/2"]
[White "Liren Ding"]
[Black "Qun Ma"]
[WhiteElo "2799"]
[BlackElo "2645"]
[PlyCount "62"]

1. e4 e5 2. Nf3 Nc6 3. Bb5 Nf6 4. O-O Nxe4 5. Re1 Nd6 6. Nxe5 Be7 7. Bf1 Nxe5 8.
Rxe5 O-O 9. d4 Bf6 10. Re1 Re8 11. c3 Rxe1 12. Qxe1 Ne8 13. Bf4 d5 14. Bd3 g6
15. Nd2 Ng7 16. Nf3 c6 17. Qe2 Bf5 18. Bxf5 Nxf5 19. Re1 Ng7 20. Be5 Ne6 21.
Bxf6 Qxf6 22. Ne5 Re8 23. Ng4 Qd8 24. Qe5 Ng7 25. Qxe8+ Nxe8 26. Rxe8+ Qxe8 27.
Nf6+ Kf8 28. Nxe8 Kxe8 29. f4 f5 30. Kf2 a5 31. a4 Ke7 1/2-1/2

[Event "Team Asian Games Q2"]
[Site "Hangzhou CHN"]
[Date "2022.04.17"]
[EventDate "2022.04.14"]
[Round "4.2"]
[Result "1/2-1/2"]
[White "Xiangzhi Bu"]
[Black "Liren Ding"]
[WhiteElo "2708"]
[BlackElo "2799"]
[PlyCount "72"]

1. Nf3 d5 2. d4 Nf6 3. c4 e6 4. Nc3 Bb4 5. Bg5 h6 6. Bxf6 Qxf6 7. e3 O-O 8. Rc1
dxc4 9. Bxc4 c5 10. O-O cxd4 11. Ne4 Qe7 12. a3 Ba5 13. Qxd4 Rd8 14. Qc5 Qxc5
15. Nxc5 Nd7 16. Nb3 Bb6 17. Be2 Nf6 18. Ne5 Bd7 19. Nc5 Bxc5 20. Rxc5 Rac8 21.
Rfc1 Rxc5 22. Rxc5 Be8 23. Kf1 Rd5 24. Rxd5 exd5 25. f3 Kf8 26. Ke1 Ke7 27. Kd2
Kd6 28. Nd3 Ng8 29. Nb4 Ne7 30. Nc2 Bd7 31. Nd4 a5 32. b4 axb4 33. axb4 b6 34.
Kc3 Nf5 35. Kd2 Nxd4 36. exd4 1/2-1/2

[Event "Team Asian Games Q2"]
[Site "Hangzhou CHN"]
[Date "2022.04.18"]
[EventDate "2022.04.14"]
[Round "5.2"]
[Result "1-0"]
[White "Liren Ding"]
[Black "Zhong Zhang"]
[WhiteElo "2799"]
[BlackElo "2640"]
[PlyCount "168"]

1. d4 d5 2. c4 dxc4 3. Nf3 Nf6 4. e3 e6 5. Bxc4 c5 6. O-O Nc6 7. a3 cxd4 8. exd4
a6 9. Nc3 Be7 10. Ba2 O-O 11. Re1 Re8 12. Bf4 Nd5 13. Nxd5 exd5 14. Qb3 Be6 15.
Qxb7 Na5 16. Qc7 Qxc7 17. Bxc7 Nc4 18. Re2 Ra7 19. Bxc4 dxc4 20. Ba5 Rc8 21.
Rae1 Rd7 22. Ne5 Rd5 23. Bc3 Bf6 24. h3 Bxe5 25. Rxe5 Rcd8 26. R5e4 h5 27. h4
Kh7 28. f3 g5 29. hxg5 Rxg5 30. Rh4 Rdg8 31. Rh2 Kg6 32. Kf2 Rd5 33. Rh4 Rb8 34.
Rf4 Rb6 35. a4 a5 36. Rfe4 Bd7 37. Re5 Rbd6 38. Bxa5 Bxa4 39. Bb4 Rd8 40. Ra1
Rxe5 41. dxe5 Bd7 42. Rd1 Rb8 43. Bc3 Bf5 44. Rd4 Rc8 45. Ke3 Be6 46. Ke4 h4 47.
Rd6 Kh5 48. Ke3 Kg5 49. Kf2 Rh8 50. Rd1 Kg6 51. Rh1 Rh5 52. Kg1 Kg5 53. Kh2 Kf4
54. Re1 Bd5 55. Rd1 Be6 56. Re1 Bd5 57. Bd2+ Kf5 58. Kh3 Rh7 59. Re2 Rh5 60. Bb4
Kf4 61. Be7 Rh7 62. Bf6 Rh5 63. Re1 Rh7 64. Be7 Rh5 65. Bd6 Be6+ 66. Kh2 Rh8 67.
Be7 Bd5 68. Bf6 Rh5 69. Rd1 Be6 70. Re1 Bd5 71. Rd1 Be6 72. Rd4+ Ke3 73. Rxh4
Rxh4+ 74. Bxh4 Kd4 75. Bf6 c3 76. bxc3+ Kxc3 77. g4 Kc4 78. Kg3 Bd5 79. f4 Be4
80. f5 Kd5 81. Kf4 Bd3 82. Bg7 Bc2 83. Kg5 Kc6 84. e6 Kd5 1-0

[Event "Team Asian Games Q2"]
[Site "Hangzhou CHN"]
[Date "2022.04.21"]
[EventDate "2022.04.14"]
[Round "7.1"]
[Result "1/2-1/2"]
[White "Xiangyu Xu"]
[Black "Liren Ding"]
[WhiteElo "2564"]
[BlackElo "2799"]
[PlyCount "72"]

1. d4 Nf6 2. c4 e6 3. Nc3 Bb4 4. Qc2 d5 5. cxd5 exd5 6. Bg5 h6 7. Bh4 O-O 8. e3
c5 9. dxc5 Be6 10. Nf3 Nbd7 11. a3 Bxc3+ 12. Qxc3 g5 13. Bg3 Ne4 14. Qc2 Ndxc5
15. Be2 Rc8 16. Qd1 Qb6 17. b4 Nc3 18. bxc5 Qb2 19. Be5 Nxd1 20. Bxb2 Nxb2 21.
Rb1 Na4 22. Rxb7 Nxc5 23. Rxa7 Nd3+ 24. Kd2 Nxf2 25. Rc1 Ne4+ 26. Kd1 Nf2+ 27.
Kd2 Ne4+ 28. Kd1 Rxc1+ 29. Kxc1 Rc8+ 30. Kb2 Rb8+ 31. Kc2 Rc8+ 32. Kb2 Rc3 33.
a4 Rxe3 34. Nd4 Nd6 35. Bh5 Bc8 36. Rc7 1/2-1/2

[Event "Team Asian Games Q2"]
[Site "Hangzhou CHN"]
[Date "2022.04.23"]
[EventDate "2022.04.14"]
[Round "9.1"]
[Result "0-1"]
[White "Zhong Zhang"]
[Black "Liren Ding"]
[WhiteElo "2640"]
[BlackElo "2799"]
[PlyCount "128"]

1. e4 c5 2. Nf3 d6 3. Bb5+ Bd7 4. c4 Nc6 5. Nc3 Nf6 6. d4 cxd4 7. Nxd4 g6 8. h3
Bg7 9. Be3 O-O 10. O-O Nxd4 11. Bxd4 Be6 12. Qd3 a6 13. Ba4 Rc8 14. Nd5 Nxd5 15.
cxd5 Bd7 16. Bxd7 Qxd7 17. Bxg7 Kxg7 18. Rfc1 f6 19. Qd1 h5 20. b3 Rxc1 21. Rxc1
Rc8 22. Rc2 Qd8 23. Qc1 Rxc2 24. Qxc2 Qa5 25. Kf1 Qb4 26. a4 Qd4 27. Ke2 h4 28.
Qd3 Qe5 29. Qe3 Qb2+ 30. Kf3 Qe5 31. Ke2 Kf7 32. g3 hxg3 33. fxg3 Qb2+ 34. Kf3
Qc2 35. h4 b5 36. axb5 axb5 37. b4 Qb1 38. Qd2 Kg7 39. Ke3 Kh7 40. Kf3 Kg7 41.
Ke3 Kh6 42. Kf3+ g5 43. hxg5+ fxg5 44. Qc3 Kg6 45. Qc6 Qd3+ 46. Kf2 Kf6 47. Qe8
Qxe4 48. Qf8+ Kg6 49. Qg8+ Kh5 50. Qe8+ Kg4 51. Qxb5 Qf3+ 52. Ke1 Qxg3+ 53. Kd2
Qf4+ 54. Kc3 Qc1+ 55. Kb3 Qd1+ 56. Kc3 Kf3 57. Qe8 Qc1+ 58. Kb3 g4 59. Qh5 Qd1+
60. Ka3 Qa1+ 61. Kb3 Qe5 62. Qh1+ Kf2 63. Qh4+ g3 64. b5 Qf6 0-1

[Event "Team Asian Games Q2"]
[Site "Hangzhou CHN"]
[Date "2022.04.24"]
[EventDate "2022.04.14"]
[Round "10.3"]
[Result "1/2-1/2"]
[White "Liren Ding"]
[Black "Xiangzhi Bu"]
[WhiteElo "2799"]
[BlackElo "2708"]
[PlyCount "62"]

1. e4 e5 2. Nf3 Nc6 3. Bb5 Nf6 4. O-O Nxe4 5. Re1 Nd6 6. Nxe5 Be7 7. Bf1 Nxe5 8.
Rxe5 O-O 9. d4 Bf6 10. Re1 Re8 11. c3 Rxe1 12. Qxe1 Ne8 13. Bf4 d5 14. Bd3 g6
15. Nd2 Ng7 16. Nf3 Bf5 17. Bxf5 Nxf5 18. Qe2 c6 19. Re1 Ng7 20. Be5 Ne6 21.
Bxf6 Qxf6 22. Qe5 Qxe5 23. Nxe5 Kg7 24. Kf1 Re8 25. Nd3 Kf8 26. h4 h5 27. g3 Re7
28. Re3 Ng7 29. Ke2 Nf5 30. Rxe7 Kxe7 31. Kf3 1/2-1/2